5HLuxD.jpg

KING HENRY VIII SENIOR AND PRIMARY SCHOOL LIBRARY OPAC

Anti-semitism and the Holocaust / (Record no. 2691)

000 -LEADER
fixed length control field 01130pam a2200349 a 4500
001 - CONTROL NUMBER
control field 015103107
003 - CONTROL NUMBER IDENTIFIER
control field Uk
005 - DATE AND TIME OF LATEST TRANSACTION
control field 20230810114539.0
008 - FIXED-LENGTH DATA ELEMENTS--GENERAL INFORMATION
fixed length control field 090327s2009 enkabc j b 001 0 eng|d
020 ## - INTERNATIONAL STANDARD BOOK NUMBER
International Standard Book Number 9780340984963 (pbk.) :
020 ## - INTERNATIONAL STANDARD BOOK NUMBER
International Standard Book Number 0340984961 (pbk.) :
040 ## - CATALOGING SOURCE
Original cataloging agency StDuBDS
Language of cataloging eng
Transcribing agency StDuBDS
Modifying agency Uk
-- KH8
042 ## - AUTHENTICATION CODE
Authentication code ukblcatcopy
082 04 - DEWEY DECIMAL CLASSIFICATION NUMBER
Classification number 940.531 FAR
100 1# - MAIN ENTRY--PERSONAL NAME
Personal name Farmer, Alan.
Relator term author.
245 10 - TITLE STATEMENT
Title Anti-semitism and the Holocaust /
Statement of responsibility, etc. Alan Farmer.
250 ## - EDITION STATEMENT
Edition statement 2nd ed.
260 ## - PUBLICATION, DISTRIBUTION, ETC.
Place of publication, distribution, etc. London :
Name of publisher, distributor, etc. Hodder Education,
Date of publication, distribution, etc. 2009.
300 ## - PHYSICAL DESCRIPTION
Extent iv, 178 pages :
Other physical details ill., maps, ports. ;
Dimensions 9.4 x 0.5 x 6.8 inches.
336 ## - CONTENT TYPE
Content type term text
Source rdacontent
337 ## - MEDIA TYPE
Media type term unmediated
Source rdamedia
338 ## - CARRIER TYPE
Carrier type term volume
Source rdacarrier
490 0# - SERIES STATEMENT
Series statement Access to history
500 ## - GENERAL NOTE
General note Previous ed.: London: Hodder & Stoughton, 1998.
500 ## - GENERAL NOTE
General note Includes Index
500 ## - GENERAL NOTE
General note Formerly CIP.
Institution to which field applies Uk
504 ## - BIBLIOGRAPHY, ETC. NOTE
Bibliography, etc. note Includes bibliographical references and index.
650 #0 - SUBJECT ADDED ENTRY--TOPICAL TERM
Topical term or geographic name entry element Holocaust, Jewish (1939-1945)
650 #0 - SUBJECT ADDED ENTRY--TOPICAL TERM
Topical term or geographic name entry element Antisemitism
Geographic subdivision Europe
General subdivision History
Chronological subdivision 20th century.
651 #0 - SUBJECT ADDED ENTRY--GEOGRAPHIC NAME
Geographic name Germany
General subdivision Politics and government
Chronological subdivision 1933-1945.
942 ## - ADDED ENTRY ELEMENTS (KOHA)
Source of classification or shelving scheme
Koha item type Teaching Resources
Holdings
Withdrawn status Lost status Source of classification or shelving scheme Damaged status Not for loan Collection code Permanent Location Current Location Shelving location Date acquired Full call number Barcode Date last seen Price effective from Koha item type
          Teaching Resources KH8 Senior School Library KH8 Senior School Library Staff Office 2023-08-10 940.531 FAR TRKHSL001617 2023-08-10 2023-08-10 Teaching Resources
          Teaching Resources KH8 Senior School Library KH8 Senior School Library Staff Office 2023-08-10 940.531 FAR TRKHSL001618 2023-08-10 2023-08-10 Teaching Resources
          Teaching Resources KH8 Senior School Library KH8 Senior School Library Staff Office 2023-08-10 940.531 FAR TRKHSL001619 2023-08-10 2023-08-10 Teaching Resources
          Teaching Resources KH8 Senior School Library KH8 Senior School Library Staff Office 2023-08-10 940.531 FAR TRKHSL001620 2023-08-10 2023-08-10 Teaching Resources
          Teaching Resources KH8 Senior School Library KH8 Senior School Library Staff Office 2023-08-10 940.531 FAR TRKHSL001621 2023-08-10 2023-08-10 Teaching Resources
          Teaching Resources KH8 Senior School Library KH8 Senior School Library Staff Office 2023-08-10 940.531 FAR TRKHSL001622 2023-08-10 2023-08-10 Teaching Resources

Powered By KH8 IT Dept